000
00205nam a22000977a 4500
082
_a
823
_b
GRI/S
100
_a
GRIMM, BROTHERS
245
_a
SNOWWHITE AND OTHER STORIES
650
_a
ENGLISH STORY
942
_c
BK
999
_c
7646
_d
7646